01405nam a2200313 a 450000100060000000300090000600800410001502000180005604000280007408200150010211000410011724500370015826000550019530000460025050500520029665000290034865000370037765000350041465000450044965000440049465000340053865000370057265000320060994200120064199900150065395201310066895201400079995201520093924539CO-ViMGA141112s2004 ck r 000 u spa d a9789588323381 aCO-ViMGAbspacCO-ViMGA04a918.6 G36a aInstituto Geografico Agustin Codazzi10aGeografía de Colombia / cIGAC aColombia : bImprenta Nacional de Colombia, c2011 axxi, 368 p., ils., cuadros, Mapas a color aIncluye referencias bibliograficas p. 351 - 36514aColombia - Clima 93649514aColombia - Hidrografía 93649614aEcosistemas - Colombia 93649714aEstructura del estado colombiano 93649814aGeografia - Historia - Colombia 93649914aGeografia - Siglo XXI 93650014aOrdenamiento territorial 93650114aProteccion ambiental936502 2ddccBK c9521d9521 00102ddc40708GENaMEDORADObMEDORADOcREFd2023-05-11l0o918.6 G36a3pdor02901r2023-05-11 00:00:00tEj.1w2023-05-11yBK 00102ddc40708001aMEVIGACOMbMEVIGACOMd2015-12-04h22/ago/2012l0o918.6 G36a p032147r2017-05-23 00:00:00tEj. 1w2015-12-04yBK 00102ddc40708003aMEVIECARbMEVIECARd2015-12-04h22/ago/2012l1m1o918.6 G36a p25308r2022-11-29 00:00:00s2019-03-28tEj. 1w2015-12-04yBK